Нагревание светодиодных люминофоров при преобразовании энергии возбуждения в люминесценцию: автореферат диссертации на соискание ученой степени кандидата физико-математических наук; спец. 01.04.07

Detalles Bibliográficos
Autor principal: Цзюй Янян
Autor Corporativo: Национальный исследовательский Томский политехнический университет (ТПУ)
Otros Autores: Лисицын В. М. Виктор Михайлович (научный руководитель)
Sumario:Защита сост. 11.06.2019 г.
Lenguaje:ruso
Publicado: Томск, [Б. и.], 2019
Materias:
Formato: Libro
KOHA link:https://koha.lib.tpu.ru/cgi-bin/koha/opac-detail.pl?biblionumber=342953

MARC

LEADER 00000nam0a2200000 4500
001 342953
005 20231227122929.0
035 |a (RuTPU)RU\TPU\book\372464 
090 |a 342953 
100 |a 20190517d2019 k y0rusy50 ca 
101 0 |a rus 
102 |a RU 
105 |a a dm 001zy 
200 1 |a Нагревание светодиодных люминофоров при преобразовании энергии возбуждения в люминесценцию  |e автореферат диссертации на соискание ученой степени кандидата физико-математических наук  |e спец. 01.04.07  |f Цзюй Янян  |g Национальный исследовательский Томский политехнический университет (ТПУ) ; науч. рук. В. М. Лисицын 
210 |a Томск  |c [Б. и.]  |d 2019 
215 |a 24 с.  |c ил. 
300 |a Защита сост. 11.06.2019 г. 
320 |a Библиогр.: с. 24 (9 назв.) 
452 1 |0 (RuTPU)RU\TPU\book\372150  |t Нагревание светодиодных люминофоров при преобразовании энергии возбуждения в люминесценцию  |o автореферат диссертации на соискание ученой степени кандидата физико-математических наук  |o спец. 01.04.07  |f Цзюй Янян  |g Национальный исследовательский Томский политехнический университет ; науч. рук. В. М. Лисицын  |c Томск  |d 2019 
606 1 |a Люминофоры  |x Светотехника  |2 stltpush  |3 (RuTPU)RU\TPU\subj\78807  |9 87879 
610 1 |a светодиодные люминофоры 
610 1 |a белые светодиоды 
610 1 |a люминесценция 
610 1 |a энергия возбуждения 
610 1 |a преобразование 
610 1 |a выделяемое тепло 
610 1 |a нагрев 
610 1 |a величина 
610 1 |a скорость 
610 1 |a фотолюминесценция 
610 1 |a спектры 
610 1 |a источники возбуждения 
610 1 |a чипы 
610 1 |a свечение 
610 1 |a температурная зависимость 
610 1 |a экспериментальные стенды 
610 1 |a авторефераты диссертаций 
610 1 |a труды учёных ТПУ 
675 |a 628.97(04)  |v 4 
686 |a 01.04.07  |2 oksvnk 
700 0 |a Цзюй Янян 
702 1 |a Лисицын  |b В. М.  |c физик  |c профессор Томского политехнического университета, кандидат физико-математических наук  |f 1939-  |g Виктор Михайлович  |3 (RuTPU)RU\TPU\pers\10510  |4 727  |9 2237 
712 0 2 |a Национальный исследовательский Томский политехнический университет (ТПУ)  |c (2009- )  |3 (RuTPU)RU\TPU\col\15902 
801 1 |a RU  |b 63413507  |c 20190517 
801 2 |a RU  |b 63413507  |c 20190617  |g RCR 
942 |c BK